[Event "Let's Play Chess!"]
[Site "http://www.queenalice.com/game.php?id=1220977"]
[Date "2013.9.30"]
[Round "-"]
[White "Emiondi"]
[Black "hba111"]
[Result "0-1"]
[WhiteElo "1595"]
[BlackElo "2893"]

1. d4 c6 2. e4 d5 3. Nc3 dxe4 4. Nxe4 Nd7 5. Nf3 Ngf6 6. Ng3 e6 7. Bd3 c5 8. O-O
cxd4 9. Nxd4 Bc5 10. Nb3 Be7 11. Re1 O-O 12. Qf3 Bd6 13. Ne4 Ne5 14. Nxf6+ Qxf6
15. Qxf6 gxf6 16. Re3 Rd8 17. Rh3 Nxd3 18. Rxd3 e5 19. Bh6 Bf5 20. Rf3 Bxc2 21.
Rxf6 Be4 22. Nd2 Bg6 23. Nc4 Be7 24. Rf3 f6 25. h3 Rac8 26. Ne3 Kf7 27. Ng4 Ke6
28. Bg7 Bc2 29. Re3 h5 30. Nh2 Rg8 31. Bh6 Rh8 32. Bf4 Kf5 33. Bg3 h4 34. Rf3+
Kg6 0-1

[Event "Let's Play Chess!"]
[Site "http://www.queenalice.com/game.php?id=1227782"]
[Date "2013.10.27"]
[Round "-"]
[White "spawnwolfwolverine"]
[Black "Emiondi"]
[Result "0-1"]
[WhiteElo "1646"]
[BlackElo "1550"]

1. d4 Nf6 2. e3 d5 3. g3 g6 4. Bh3 Bxh3 5. Nxh3 Bg7 6. O-O O-O 7. b3 e6 8. Nd2
Nbd7 9. c4 c5 10. Bb2 cxd4 11. Bxd4 b6 12. Bxf6 Nxf6 13. cxd5 Nxd5 14. Rb1 Nc3
15. Qc2 Nxb1 16. Rxb1 Rc8 17. Qd1 Bc3 18. Ne4 Qxd1+ 19. Rxd1 Bb4 20. Nd6 Rcd8
21. e4 Bxd6 22. f4 Bc5+ 23. Kf1 Rxd1+ 24. Ke2 Rfd8 25. f5 R8d2+ 26. Kf3 Rf1+ 27.
Kg4 exf5+ 28. exf5 gxf5+ 29. Kh4 Be7+ 30. Kh5 Rxh2 31. b4 Rxh3# 0-1

[Event "AUTO-OPEN-2974"]
[Site "http://www.queenalice.com/game.php?id=1253849"]
[Date "2014.2.4"]
[Round "3"]
[White "Emiondi"]
[Black "ratorei"]
[Result "0-1"]
[WhiteElo "1652"]
[BlackElo "2013"]

1. d4 Nf6 2. c4 e6 3. Nc3 d5 4. Nf3 c6 5. Bg5 dxc4 6. e4 Be7 7. Bxc4 O-O 8. a4
Qa5 9. O-O h6 10. Bxf6 Bxf6 11. e5 Be7 12. Qd3 b6 13. Rfb1 Na6 14. Bxa6 Bxa6 15.
Qe4 Bb7 16. Nb5 Rab8 17. Nd6 Bxd6 18. exd6 Rfd8 19. Qe5 Qb4 20. d7 Qe7 21. Rc1
Qxd7 22. b4 Qd5 23. Qe3 a6 24. h3 Rd6 25. Qc3 Rbd8 26. Re1 c5 27. dxc5 bxc5 28.
Qxc5 Qb3 29. Ne5 f6 30. Ng6 e5 31. Ne7+ Kh7 32. Nf5 Rd2 33. Re3 Qb2 34. Rf1 Qc2
35. Qxc2 Rxc2 36. Rb3 Rdd2 37. Ne3 Rc7 38. a5 g6 39. g4 Bf3 40. Re1 Kg7 41. Rbb1
Be2 42. Kg2 Bd3 43. Rb3 Bb5 44. Kg3 Kf7 45. f3 Ke6 46. Reb1 f5 47. gxf5+ gxf5
48. Kh4 Be2 49. Rg1 Rd4+ 50. Kg3 f4+ 51. Kf2 Rd2 52. Nf1 Ra2 0-1

[Event "AUTO-OPEN-2974"]
[Site "http://www.queenalice.com/game.php?id=1253850"]
[Date "2014.2.4"]
[Round "3"]
[White "ratorei"]
[Black "Emiondi"]
[Result "1/2-1/2"]
[WhiteElo "2010"]
[BlackElo "1638"]

1. e4 Nf6 2. e5 Nd5 3. d4 d6 4. exd6 cxd6 5. c4 Nb6 6. Nf3 g6 7. Be2 Bg7 8. Be3
Nc6 9. h3 O-O 10. Qd2 Bf5 11. Nc3 d5 12. b3 e5 13. O-O exd4 14. Nxd4 Nxd4 15.
Bxd4 dxc4 16. Rad1 Bxd4 17. Qxd4 Qxd4 18. Rxd4 cxb3 19. axb3 Rad8 20. Rfd1 Rxd4
21. Rxd4 Bd7 22. Bf3 Bc6 23. Bxc6 bxc6 24. f4 Rc8 25. Ne4 Kg7 26. Nc5 Nd5 27. g3
h5 28. h4 Rc7 29. Kf2 a5 30. Kf3 Kf6 31. Ra4 Ra7 32. Rc4 Nb4 33. Ne4+ Ke6 34.
Ng5+ Kf6 35. Ke3 a4 36. Rxb4 a3 37. Ne4+ Ke7 38. Nc3 a2 39. Nxa2 Rxa2 40. Rc4
Kd6 41. Rc3 c5 42. Kf3 f5 43. Ke3 Rg2 44. Kf3 Rd2 45. Ke3 Rg2 46. Kf3 Rd2 47.
Ke3 Rg2 48. Kf3 1/2-1/2

[Event "AUTO-INT-2721"]
[Site "http://www.queenalice.com/game.php?id=1258406"]
[Date "2014.2.20"]
[Round "2"]
[White "kanibal"]
[Black "Emiondi"]
[Result "1/2-1/2"]
[WhiteElo "1736"]
[BlackElo "1650"]

1. d4 Nf6 2. Nf3 g6 3. Nc3 d5 4. e3 Bg7 5. Bd3 O-O 6. O-O c5 7. dxc5 Nbd7 8. b4
e5 9. e4 d4 10. Nd5 a6 11. Qd2 Re8 12. Ng5 h6 13. Nf3 Nf8 14. Nxf6+ Qxf6 15. c3
Ne6 16. cxd4 Nxd4 17. Nxd4 exd4 18. g3 Bh3 19. Be2 Bxf1 20. Bxf1 Rxe4 21. Bb2
Rd8 22. Bd3 Re7 23. a3 Qf3 24. Bc4 Rde8 25. Rf1 Kh7 26. Bxd4 Bxd4 27. Qxd4 Re1
28. Qd7 Kg7 29. Bd5 R8e7 30. Bxf3 Rxf1+ 31. Kxf1 Rxd7 32. a4 f5 33. Kg2 Kf6 34.
h3 Ke5 35. b5 axb5 36. axb5 Rc7 37. c6 bxc6 38. bxc6 Kd6 39. h4 g5 40. hxg5 hxg5
41. g4 fxg4 42. Be4 Ke5 43. f3 gxf3+ 44. Kxf3 g4+ 45. Ke3 Rxc6 46. Bg2 Rc2 47.
Bf1 g3 48. Kf3 g2 49. Bxg2 Rxg2 50. Kxg2 Ke4 1/2-1/2

[Event "AUTO-INT-2721"]
[Site "http://www.queenalice.com/game.php?id=1258407"]
[Date "2014.2.20"]
[Round "2"]
[White "Emiondi"]
[Black "kanibal"]
[Result "1-0"]
[WhiteElo "1705"]
[BlackElo "1701"]

1. d4 d5 2. c4 dxc4 3. Nf3 Nf6 4. Nc3 e6 5. d5 Nxd5 6. Qa4+ Bd7 7. Qxc4 Nc6 8.
Nxd5 exd5 9. Qxd5 Nb4 10. Qc4 Bf5 11. e4 Be6 12. Qb5+ c6 13. Qa4 b5 14. Qd1
Qxd1+ 15. Kxd1 Bg4 16. Be2 Bc5 17. Rf1 O-O 18. a3 Rad8+ 19. Bd2 Na6 20. b4 Bxf3
21. Bxf3 Bd4 22. Ra2 c5 23. Ke2 c4 24. Rc1 Be5 25. h3 Nc7 26. g3 Ne6 27. Bg2
Nd4+ 28. Kf1 Nb3 29. Rcc2 a6 30. Bc3 Bd4 31. Bxd4 Rxd4 32. f3 Rd1+ 33. Kf2 Nd4
34. Rc3 h6 35. Bf1 Nb3 36. Be2 Rd6 37. a4 bxa4 38. Bxc4 Nd2 39. Bd5 Nb3 40. Bxb3
axb3 41. Rxb3 Rfd8 42. h4 Kh7 43. Ke3 Kg6 44. g4 f6 45. Ra5 h5 46. Rf5 hxg4 47.
fxg4 Kf7 48. Rc3 Rb6 49. Rc7+ Kg8 50. Ra7 Rc8 51. g5 fxg5 52. Rxg5 Rc4 53.
Rgxg7+ Kf8 54. Rgd7 Rcxb4 55. Rd8# 1-0

[Event "AUTO-INT-2721"]
[Site "http://www.queenalice.com/game.php?id=1258410"]
[Date "2014.2.20"]
[Round "2"]
[White "Emiondi"]
[Black "Goudan"]
[Result "1-0"]
[WhiteElo "1625"]
[BlackElo "1558"]

1. d4 e6 2. c4 Nf6 3. Nc3 c5 4. d5 Bd6 5. Nf3 O-O 6. g3 Qa5 7. Bd2 Qa6 8. e4
exd5 9. cxd5 Qb6 10. Qc2 Na6 11. a3 Re8 12. Bg2 Nc7 13. O-O Nb5 14. Nxb5 Qxb5
15. Rfe1 Ng4 16. Bc3 Ne5 17. Nxe5 Bxe5 18. Bxe5 Rxe5 19. f4 Rh5 20. d6 1-0

[Event "AUTO-INT-2721"]
[Site "http://www.queenalice.com/game.php?id=1258411"]
[Date "2014.2.20"]
[Round "2"]
[White "Goudan"]
[Black "Emiondi"]
[Result "1/2-1/2"]
[WhiteElo "1589"]
[BlackElo "1626"]

1. e4 e5 2. Nf3 Nc6 3. Nc3 Nf6 4. Bc4 Nxe4 5. Nxe4 d5 6. Bd3 dxe4 7. Bxe4 Bd6 8.
O-O O-O 9. d4 exd4 10. Bxc6 bxc6 11. Qxd4 Re8 12. b3 c5 13. Qc3 Ba6 14. Re1 Qd7
15. Bb2 Rxe1+ 16. Qxe1 Re8 17. Qa5 Qb5 18. Qxb5 Bxb5 19. c4 1/2-1/2

[Event "Let's Play Chess!"]
[Site "http://www.queenalice.com/game.php?id=1289285"]
[Date "2014.6.19"]
[Round "-"]
[White "gobblemate"]
[Black "Emiondi"]
[Result "0-1"]
[WhiteElo "1672"]
[BlackElo "1690"]

1. e4 e5 2. Nf3 Nc6 3. Bb5 Bb4 4. c3 Ba5 5. Qa4 Bb6 6. O-O Nge7 7. d4 Ng6 8.
Bxc6 dxc6 9. Nxe5 Nxe5 10. dxe5 Qe7 11. Bf4 O-O 12. Nd2 Be6 13. Nc4 a6 14. Nxb6
cxb6 15. Bg3 b5 16. Qc2 Rad8 17. Rad1 a5 18. b3 f6 19. exf6 Qxf6 20. f4 c5 21.
f5 Rxd1 22. Rxd1 Bc8 23. Bd6 Rf7 24. Bxc5 Rd7 25. Rxd7 Bxd7 0-1

[Event "Let's Play Chess!"]
[Site "http://www.queenalice.com/game.php?id=1297464"]
[Date "2014.7.26"]
[Round "-"]
[White "Emiondi"]
[Black "Franzel"]
[Result "0-1"]
[WhiteElo "1806"]
[BlackElo "2162"]

1. d4 Nf6 2. c4 e6 3. Nc3 Bb4 4. Bg5 c5 5. d5 d6 6. e3 O-O 7. Nf3 h6 8. Bh4 exd5
9. cxd5 Nbd7 10. Bd3 Qa5 11. O-O Bxc3 12. bxc3 Qxc3 13. e4 Re8 14. Re1 c4 15.
Bc2 a6 16. Re3 Qa5 17. a4 Ng4 18. Re1 Nge5 19. Nxe5 Nxe5 20. f3 Bd7 21. Bf2 Rac8
22. Rb1 b5 23. axb5 axb5 24. Ra1 Qc7 25. Qb1 Rb8 26. Qb4 Ra8 27. Bd4 f6 28. Rec1
Kf7 29. Kh1 g5 30. h3 Kg6 31. Bxe5 fxe5 32. Rxa8 Rxa8 33. Bd1 Qc5 34. Qb2 b4 35.
Bb3 c3 36. Qc2 Bb5 37. Rb1 Bc4 38. Ba4 Bd3 39. Be8+ Rxe8 40. Qxd3 b3 0-1

[Event "Let's Play Chess!"]
[Site "http://www.queenalice.com/game.php?id=1297465"]
[Date "2014.7.28"]
[Round "-"]
[White "Pater"]
[Black "Emiondi"]
[Result "1-0"]
[WhiteElo "2333"]
[BlackElo "1672"]

1. e4 e5 2. Nf3 Nc6 3. d4 exd4 4. Bc4 Nf6 5. e5 Ng4 6. O-O d6 7. exd6 Bxd6 8.
Re1+ Kf8 9. c3 Qf6 10. h3 Nge5 11. Bd5 Nxf3+ 12. Bxf3 Ne5 13. Be4 h5 14. Qxd4
Ng4 15. hxg4 Qh4 16. g3 Qxg4 17. Bf4 Qe6 18. Nd2 1-0

[Event "AUTO-ADV-3209"]
[Site "http://www.queenalice.com/game.php?id=1300018"]
[Date "2014.8.7"]
[Round "1"]
[White "ztnilz"]
[Black "Emiondi"]
[Result "0-1"]
[WhiteElo "1841"]
[BlackElo "1747"]

1. e4 e5 2. Nf3 Nc6 3. Bc4 Nf6 4. Ng5 d5 5. exd5 Na5 6. Bb5+ c6 7. dxc6 bxc6 8.
Be2 h6 9. Nf3 e4 10. Ng1 Bc5 11. c3 Qb6 12. d4 Bd6 13. b4 Nb7 14. f3 Bf5 15.
fxe4 Bxe4 16. Bf3 O-O 17. Bxe4 Nxe4 18. Nf3 Qc7 19. O-O a5 20. bxa5 Rxa5 21. Qc2
Re8 22. Nbd2 Ng5 23. Bb2 Re2 24. Ne5 Bxe5 25. dxe5 Raxe5 26. c4 Nh3+ 27. Kh1 Rg5
28. gxh3 Qxh2# 0-1

[Event "AUTO-ADV-3209"]
[Site "http://www.queenalice.com/game.php?id=1300019"]
[Date "2014.8.7"]
[Round "1"]
[White "Emiondi"]
[Black "ztnilz"]
[Result "1-0"]
[WhiteElo "1790"]
[BlackElo "1799"]

1. d4 Nf6 2. c4 e6 3. Nc3 c5 4. d5 exd5 5. cxd5 d6 6. e4 Be7 7. Nf3 a6 8. a4 Bg4
9. Be2 O-O 10. O-O Bc8 11. Qc2 Re8 12. Bf4 b6 13. Nd2 Bb7 14. Bf3 Nbd7 15. Nc4
Qc7 16. Rfe1 Bf8 17. h3 h6 18. Bg3 a5 19. Nb5 Qd8 20. Nbxd6 Qb8 21. Nxe8 Qxe8
22. Nd6 Bxd6 23. Bxd6 Qd8 24. Rad1 Nb8 25. Bxb8 Rxb8 26. Qd2 Nh7 27. e5 Bc8 28.
e6 1-0

[Event "AUTO-ADV-3209"]
[Site "http://www.queenalice.com/game.php?id=1300034"]
[Date "2014.8.7"]
[Round "1"]
[White "Manoeljoaquim"]
[Black "Emiondi"]
[Result "0-1"]
[WhiteElo "1761"]
[BlackElo "1670"]

1. e4 e5 2. Bc4 Nf6 3. Nf3 Nc6 4. Nc3 Nxe4 5. d4 Nxc3 6. bxc3 d5 7. Bb3 e4 8.
Ne5 Qf6 9. Be3 Bd7 10. Bxd5 Nxe5 11. dxe5 Qxe5 12. Bxb7 Rb8 13. Bd5 Qxc3+ 14.
Bd2 Qe5 15. Bb3 Bc5 16. O-O O-O 17. Re1 Rbd8 18. Qc1 Bc6 19. Bf4 Qf6 20. Be3 Bb4
21. Bg5 Qd4 22. Bxd8 Bxe1 23. Qxe1 Rxd8 24. h3 h6 25. Qa5 e3 26. fxe3 Qxe3+ 27.
Kh1 Bxg2+ 28. Kxg2 Rd2+ 0-1

[Event "AUTO-ADV-3209"]
[Site "http://www.queenalice.com/game.php?id=1300035"]
[Date "2014.8.7"]
[Round "1"]
[White "Emiondi"]
[Black "Manoeljoaquim"]
[Result "1-0"]
[WhiteElo "1653"]
[BlackElo "1735"]

1. d4 d5 2. c4 dxc4 3. Nf3 b5 4. a4 Bd7 5. axb5 Bxb5 6. Nc3 Bd7 7. e4 Bg4 8.
Bxc4 e6 9. Be3 Nf6 10. O-O Be7 11. h3 Bh5 12. d5 exd5 13. Nxd5 O-O 14. Ra5 Nc6
15. Nxf6+ Bxf6 16. Rxh5 Qxd1 17. Rxd1 Bxb2 18. Bd5 Rad8 19. Rb1 g6 20. Rxb2 gxh5
21. Bxc6 f5 22. Bd5+ Kg7 23. Ng5 1-0

[Event "AUTO-ADV-3209"]
[Site "http://www.queenalice.com/game.php?id=1300044"]
[Date "2014.8.7"]
[Round "1"]
[White "leoreis"]
[Black "Emiondi"]
[Result "0-1"]
[WhiteElo "1974"]
[BlackElo "1721"]

1. e4 Nf6 2. e5 Nd5 3. d4 d6 4. Bc4 Nb6 5. Bb3 Bf5 6. Nf3 e6 7. O-O Be7 8. Nc3
O-O 9. Bf4 d5 10. Qd2 c5 11. dxc5 Bxc5 12. Ne2 Nc6 13. c3 Be7 14. Ned4 Nxd4 15.
cxd4 Rc8 16. h3 Nc4 17. Bxc4 Rxc4 18. Rfc1 b5 19. b3 Rxc1+ 20. Qxc1 Qb6 21. Nh4
Bxh4 22. Be3 a5 23. Kh2 Be7 24. g4 Be4 25. Kg3 h6 26. Qc3 b4 27. Qc1 f5 28. f3
f4+ 29. Bxf4 Bxf3 30. Kxf3 Bg5 0-1

[Event "AUTO-ADV-3209"]
[Site "http://www.queenalice.com/game.php?id=1300045"]
[Date "2014.8.7"]
[Round "1"]
[White "Emiondi"]
[Black "leoreis"]
[Result "1-0"]
[WhiteElo "1767"]
[BlackElo "1933"]

1. e4 e5 2. f4 exf4 3. Nf3 Nf6 4. e5 Nd5 5. c4 Nb6 6. d4 d6 7. Bxf4 Bg4 8. Bd3
dxe5 9. dxe5 Bc5 10. Nc3 Nc6 11. h3 Bh5 12. g4 Bg6 13. Be2 O-O 14. a3 Rc8 15.
Nd5 Nxd5 16. Qxd5 Qxd5 17. cxd5 Nd4 18. Rc1 Nxf3+ 19. Bxf3 b6 20. b4 Be7 21. O-O
f5 22. d6 cxd6 23. Bd5+ Kh8 24. exd6 Bf6 25. Be6 Bd4+ 26. Kh2 Rcd8 27. Rc7 b5
28. d7 Bb6 29. Rc8 h6 30. Be5 fxg4 31. Rxf8+ 1-0

[Event "Let's Play Chess!"]
[Site "http://www.queenalice.com/game.php?id=1320032"]
[Date "2014.11.3"]
[Round "-"]
[White "Delbo"]
[Black "Emiondi"]
[Result "0-1"]
[WhiteElo "2202"]
[BlackElo "1804"]

1. d4 Nf6 2. c4 g6 3. Nc3 Bg7 4. e4 d6 5. Be3 O-O 6. Bd3 e5 7. d5 Nbd7 8. Qc2
Ng4 9. O-O-O Nxe3 10. fxe3 Nc5 11. Be2 a5 12. Nf3 a4 13. Bd3 c6 14. Rhf1 Bd7 15.
Kb1 a3 16. b3 Qa5 17. Nd2 f5 18. exf5 Bxf5 19. Bxf5 Rxf5 20. Rxf5 gxf5 21. Rf1
e4 22. Ne2 Rf8 23. Ng3 Bc3 24. Nxf5 Bxd2 25. Ne7+ Kg7 26. Rxf8 Kxf8 0-1

[Event "AUTO-ADV-3209"]
[Site "http://www.queenalice.com/game.php?id=1326682"]
[Date "2014.12.8"]
[Round "2"]
[White "Emiondi"]
[Black "Artking"]
[Result "1-0"]
[WhiteElo "1863"]
[BlackElo "2026"]

1. d4 Nf6 2. c4 g6 3. Nc3 Bg7 4. e4 d6 5. Be2 Nbd7 6. Bg5 c6 7. Qd2 O-O 8. Nf3
e5 9. O-O a6 10. Rfd1 Qe8 11. dxe5 dxe5 12. Qd6 Nh5 13. Rd2 Ndf6 14. Bxf6 Nxf6
15. Rad1 Bg4 16. h3 Bd7 17. Nxe5 Be6 18. f4 Nh5 19. Bxh5 gxh5 20. Rd3 h4 21. b3
Bf6 22. Ng4 Be7 23. Qe5 Bxg4 24. hxg4 Bb4 25. Qg5+ Kh8 26. e5 Bc5+ 27. Kh2 Be7
28. Qh6 Rg8 29. g5 Rg6 30. Qxh4 Rd8 31. Rh3 h6 32. Rxd8 Qxd8 33. Ne4 Qd4 34. Nf6
Bxf6 35. exf6 Qe4 36. Qg4 Kh7 37. Rxh6+ Rxh6+ 38. gxh6 Qg6 39. Qxg6+ Kxg6 40.
f5+ Kxh6 41. g4 c5 42. Kg3 Kg5 43. Kf3 b6 44. Kg3 Kxf6 45. Kf4 b5 46. g5+ Kg7
47. Ke5 bxc4 48. bxc4 a5 49. a4 f6+ 50. gxf6+ Kf7 51. Kd5 1-0

[Event "AUTO-ADV-3209"]
[Site "http://www.queenalice.com/game.php?id=1326683"]
[Date "2014.12.8"]
[Round "2"]
[White "Artking"]
[Black "Emiondi"]
[Result "0-1"]
[WhiteElo "1963"]
[BlackElo "1842"]

1. e4 e5 2. Nf3 Nc6 3. Bb5 a6 4. Ba4 Nf6 5. O-O Be7 6. d3 b5 7. Bb3 d6 8. Nbd2
O-O 9. c3 Na5 10. Bc2 c5 11. h3 Bb7 12. a4 Nc6 13. axb5 axb5 14. Rxa8 Qxa8 15.
Re1 b4 16. Nf1 bxc3 17. bxc3 h6 18. Ng3 Bc8 19. Be3 Be6 20. Nh4 d5 21. exd5 Nxd5
22. Nhf5 Bxf5 23. Bb3 Nxe3 24. Rxe3 Qc8 25. Nxf5 Qxf5 26. Bd5 Nd8 27. Qe2 Bd6
28. Rf3 Qg5 29. c4 Qc1+ 30. Qf1 Qxf1+ 31. Kxf1 Ne6 32. Re3 Nd4 33. g4 Kh7 34. h4
f5 35. gxf5 Nxf5 36. Be4 g6 37. h5 Nxe3+ 0-1

[Event "AUTO-ADV-3209"]
[Site "http://www.queenalice.com/game.php?id=1326684"]
[Date "2014.12.8"]
[Round "2"]
[White "Emiondi"]
[Black "junipero"]
[Result "1-0"]
[WhiteElo "1886"]
[BlackElo "1987"]

1. d4 d5 2. c4 c6 3. Nf3 e6 4. Nc3 Nf6 5. Bg5 Nbd7 6. e3 Be7 7. Qc2 O-O 8. Rc1
b6 9. cxd5 cxd5 10. Bd3 h6 11. Bxf6 Nxf6 12. O-O Bb7 13. Qe2 Rc8 14. Nd2 a6 15.
Bxa6 Bxa6 16. Qxa6 Bb4 17. a3 Bxc3 18. Rxc3 Rxc3 19. bxc3 Qc7 20. c4 Qc6 21. c5
Rb8 22. Rb1 Nd7 23. cxb6 Kf8 24. Qd3 Rxb6 25. h3 Ra6 26. f4 Qa8 27. Qb5 Ke7 28.
Qb4+ Kf6 29. Rb3 Ra4 30. Qd6 Qa7 31. Nf3 Ra6 32. Qb4 Nb6 33. Ne5 Nc4 34. Nxc4
dxc4 35. Qxc4 Rxa3 36. Rxa3 Qxa3 37. Kf2 Qb2+ 38. Kf3 g5 39. d5 exd5 40. Qxd5
gxf4 41. exf4 Qc3+ 42. Kg4 Qc2 43. Qe5+ Kg6 44. f5+ Kh7 45. g3 Qd1+ 46. Kh4 Qa4+
47. g4 Qb4 48. f6 Qc4 49. Kh5 Qd3 50. Qf5+ Qxf5+ 51. gxf5 Kh8 52. Kxh6 Kg8 53.
Kg5 Kh8 54. Kf4 Kh7 55. Ke5 Kg8 56. h4 Kf8 57. h5 Kg8 58. Kd6 Kf8 59. h6 Kg8 60.
Ke7 Kh7 61. Kxf7 Kxh6 62. Kg8 Kg5 63. f7 Kxf5 64. f8=Q+ Kg6 65. Qf4 Kh5 66. Qg3
Kh6 67. Kf7 Kh5 68. Kf6 1-0

[Event "AUTO-ADV-3209"]
[Site "http://www.queenalice.com/game.php?id=1326685"]
[Date "2014.12.8"]
[Round "2"]
[White "junipero"]
[Black "Emiondi"]
[Result "1/2-1/2"]
[WhiteElo "2024"]
[BlackElo "1834"]

1. d4 Nf6 2. c4 g6 3. Nc3 Bg7 4. e3 d5 5. cxd5 Nxd5 6. Nf3 O-O 7. g3 Bg4 8. Bg2
c5 9. dxc5 Qa5 10. Qxd5 Bxc3+ 11. Kf1 Qb5+ 12. Kg1 Bg7 13. Nd4 Qb4 14. b3 Bxd4
15. Qxd4 Qxd4 16. exd4 Nc6 17. Bb2 f6 18. d5 Ne5 19. h3 Bd7 20. Bxe5 fxe5 21.
Re1 Rf5 22. f4 exf4 23. Rxe7 f3 24. Rxd7 fxg2 25. Kxg2 Raf8 26. Ra1 Rf2+ 27. Kg1
Rc2 28. b4 Rff2 29. Rxb7 Rg2+ 30. Kh1 Rh2+ 1/2-1/2